Chemical analysis of organometallic compounds (Record no. 11885)

MARC details
000 -LEADER
fixed length control field 00553 a2200217 4500
035 ## - SYSTEM CONTROL NUMBER
System control number 859
020 ## - NUMERO INTERNATIONAL NORMALISE DES LIVRES
International Standard Book Number 0-12-197301-8
100 ## - VEDETTE PRINCIPALE - NOM DE PERSONNE
Personal name CROMPTON, Thomas Roy
130 ## - VEDETTE PRINCIPALE - TITRE UNIFORME
Language of a work Fr.
260 ## - PUBLICATION, DISTRIBUTION, ETC. (IMPRINT)
Place of publication, distribution, etc London
260 ## - PUBLICATION, DISTRIBUTION, ETC. (IMPRINT)
Name of publisher, distributor, etc Academic Press
245 ## - TITLE STATEMENT
Title Chemical analysis of organometallic compounds
260 ## - PUBLICATION, DISTRIBUTION, ETC. (IMPRINT)
Date of publication, distribution, etc 1973-1974
300 ## - PHYSICAL DESCRIPTION
Other physical details ill. ; 24 cm
440 ## - SERIES STATEMENT/ADDED ENTRY--TITLE
Title (The Analysis of organic materiels, 4)
500 ## - GENERAL NOTE
General note Includes bibliographies
650 ## - SUBJECT ADDED ENTRY--TOPICAL TERM
Topical term or geographic name as entry element <Organometallic compounds-Analysis>
Holdings
Withdrawn status Lost status Damaged status Not for loan Location (home branch) Sublocation or collection (holding branch) Date acquired Koha issues (times borrowed) Koha full call number Koha date last seen Price effective from Koha item type
        Bibliothèque Ecole Polytechnique d'Abomey-Calavi Bibliothèque Ecole Polytechnique d'Abomey-Calavi 27/02/2009   547.05/C 27/02/2009 27/02/2009 Livre


© 2008, Bibliothèques de l'Université d'Abomey-Calavi

04 BP 789 Cotonou, Tél. : +229 21 36 01 01, Fax : +229 21 35 06 32

Courriel : bu@bu.uac.bj